000 00708nam a2200301Ia 4500
008 160321s9999||||xx |||||||||||||| ||und||
040 _cMarathi
082 _aviii.A/Dixit
082 _bBORI-70040
100 _aShankar Balkrushna dixit
245 _aJyotirvilas
250 _b6th
260 _apune
260 _bR. R. S. Dixit
260 _c1948
300 _a4+352
300 _cA
300 _eHardbound
530 _u00104197.pdf
563 _aStudy
600 _aShankar Balkrushna dixit
630 _aJyotirvilas
650 _a"Astronomy,Astrology,Maths"
650 _aTechnical science
700 _aShankar Balkrushna dixit
730 _aJyotirvilas
942 _cBOOK
999 _c1368587
_d1368584